[Event "4. Wittelsbacher Weihnachts-Schach-Open"]
[Site "Kelheim"]
[Date "2015.12.29"]
[Round "5.32"]
[White "Bodenschatz, Josef"]
[Black "Swierzy, David"]
[Result "1-0"]
[WhiteElo "2005"]
[BlackElo "1648"]
[PlyCount "33"]
[EventDate "2015.??.??"]
[WhiteTeam "TSV Kirchenlaibach"]
[BlackTeam "SC Straubing"]

1. e4 Nf6 2. d3 e5 3. f4 Bc5 4. Nf3 d6 5. Nc3 Nc6 6. Na4 Qe7 7. Nxc5 dxc5 8.
fxe5 Nxe5 9. Be2 b6 10. O-O Nfd7 11. Qe1 Bb7 12. Qg3 O-O-O 13. Nxe5 Nxe5 14.
Qxg7 Rdg8 15. Qf6 Qxf6 16. Rxf6 c4 17. Bf4 1-0

[Event "4. Wittelsbacher Weihnachts-Schach-Open"]
[Site "Kelheim"]
[Date "2015.12.29"]
[Round "5.33"]
[White "Hummel, Thomas"]
[Black "Lutzky, Manfred"]
[Result "1/2-1/2"]
[WhiteElo "1918"]
[BlackElo "1890"]
[PlyCount "74"]
[EventDate "2015.??.??"]
[WhiteTeam "SK Neumarkt"]
[BlackTeam "SC Noris-Tarrasch Nürnberg"]

1. b4 e6 2. Bb2 d5 3. Nf3 Nf6 4. a3 Be7 5. e3 O-O 6. d3 b6 7. Nbd2 Bb7 8. Be2
Nbd7 9. O-O c5 10. b5 Qc7 11. c4 e5 12. cxd5 Bxd5 13. Qc2 Rfe8 14. e4 Bb7 15.
Nc4 Bf8 16. Bc3 Bd6 17. Qb2 Re7 18. Rfb1 g6 19. a4 Nh5 20. a5 Rd8 21. g3 Ng7
22. axb6 axb6 23. Ra7 Rb8 24. Nh4 Ne6 25. Ng2 Nd4 26. Bd1 Nf8 27. Nge3 Qd8 28.
Bd2 Kg7 29. Ng2 Nfe6 30. f4 f6 31. Bg4 Bc8 32. Rxe7+ Qxe7 33. Bxe6 Bxe6 34.
fxe5 Bxe5 35. Bc3 Ra8 36. Ra1 Qb7 37. Nge3 Bd7 1/2-1/2

[Event "4. Wittelsbacher Weihnachts-Schach-Open"]
[Site "Kelheim"]
[Date "2015.12.29"]
[Round "5.34"]
[White "Meckel, Helmut"]
[Black "Aunkofer, Günter"]
[Result "1/2-1/2"]
[WhiteElo "1777"]
[BlackElo "1826"]
[PlyCount "91"]
[EventDate "2015.??.??"]
[WhiteTeam "SG Solingen"]
[BlackTeam "TSV Mainburg"]

1. b4 d5 2. Bb2 Nf6 3. e3 Bf5 4. f4 e6 5. b5 c5 6. c4 Be7 7. Nf3 a6 8. a4 Nbd7
9. Na3 O-O 10. Be2 Ne4 11. O-O Bf6 12. Ne5 d4 13. d3 Nc3 14. Bxc3 dxc3 15. Nxd7
Qxd7 16. e4 Bd4+ 17. Kh1 Bg6 18. Rc1 f6 19. Nb1 a5 20. Nxc3 b6 21. Nb1 Rad8 22.
Nd2 Be3 23. Rf3 Bxd2 24. Qxd2 Bxe4 25. Re3 Qd4 26. Rd1 f5 27. Bf3 Bxf3 28. Rxf3
Rfe8 29. Qe3 e5 30. fxe5 Qxe5 31. Qxe5 Rxe5 32. Kg1 Rd4 33. Kf2 Kf7 34. Re1 Kf6
35. Rfe3 Rxe3 36. Rxe3 g5 37. Ke2 Rd8 38. Rh3 Kg6 39. Re3 Kf6 40. Kd2 h5 41.
Kc3 f4 42. Re4 Kf5 43. Re7 g4 44. Kd2 h4 45. Rh7 Kg5 46. Rg7+ 1/2-1/2

[Event "4. Wittelsbacher Weihnachts-Schach-Open"]
[Site "Kelheim"]
[Date "2015.12.29"]
[Round "5.35"]
[White "Frei, Robert"]
[Black "Koellner, Ulrich"]
[Result "1-0"]
[WhiteElo "1892"]
[BlackElo "1865"]
[PlyCount "77"]
[EventDate "2015.??.??"]
[WhiteTeam "TSV Mindelheim"]
[BlackTeam "SV Hofheim"]

1. e4 c6 2. d4 d5 3. exd5 cxd5 4. c4 Nf6 5. Nc3 g6 6. Nf3 Bg7 7. cxd5 Nxd5 8.
Bb5+ Bd7 9. Qb3 Nxc3 10. Bxd7+ Nxd7 11. bxc3 Qc7 12. Ba3 O-O 13. O-O Bf6 14.
Rfe1 Rfe8 15. Rab1 b6 16. Rbc1 Rac8 17. c4 e6 18. Bb2 Kg7 19. Qe3 Rcd8 20. g4
h6 21. h4 Be7 22. g5 h5 23. d5+ Kh7 24. dxe6 Bc5 25. Qc3 Qg3+ 26. Kh1 Qh3+ 27.
Nh2 Qxc3 28. Bxc3 fxe6 29. Kg2 Nb8 30. Rcd1 Rd7 31. Bf6 Bb4 32. Rf1 Be7 33. Be5
Rxd1 34. Rxd1 Nc6 35. Bc3 Kg8 36. Nf3 Kf7 37. Rd7 Rd8 38. Rc7 Rd6 39. Rxc6 1-0

[Event "4. Wittelsbacher Weihnachts-Schach-Open"]
[Site "Kelheim"]
[Date "2015.12.29"]
[Round "5.36"]
[White "Löchel, Günter"]
[Black "Malzer, Werner"]
[Result "1/2-1/2"]
[WhiteElo "1617"]
[BlackElo "1904"]
[PlyCount "67"]
[EventDate "2015.??.??"]
[WhiteTeam "SC Kreut"]
[BlackTeam "TSV Kirchenlaibach"]

1. e4 c5 2. Nf3 d6 3. Nc3 e6 4. Bb5+ Bd7 5. O-O a6 6. Bxd7+ Nxd7 7. d4 cxd4 8.
Qxd4 Ngf6 9. Bg5 Be7 10. e5 dxe5 11. Nxe5 Nxe5 12. Qxe5 Rc8 13. Qe2 O-O 14.
Rfd1 Qc7 15. Rd2 Rfd8 16. Rad1 Rxd2 17. Rxd2 Rd8 18. Rxd8+ Qxd8 19. Qd2 Qxd2
20. Bxd2 Nd7 21. Kf1 Kf8 22. Ke2 Ke8 23. Be3 Bf6 24. Ne4 Be7 25. c4 h5 26. f4
Kd8 27. Kd3 Kc7 28. a3 Kc6 29. b4 b6 30. Bd4 f6 31. Bc3 g5 32. fxg5 fxg5 33. g4
b5 34. c5 1/2-1/2

[Event "4. Wittelsbacher Weihnachts-Schach-Open"]
[Site "Kelheim"]
[Date "2015.12.29"]
[Round "5.37"]
[White "Hildenbrand, Andreas"]
[Black "Schmidt, Franz"]
[Result "0-1"]
[WhiteElo "1828"]
[BlackElo "1828"]
[PlyCount "99"]
[EventDate "2015.??.??"]
[WhiteTeam "SK Garmisch-Partenkirch."]
[BlackTeam "SK Abensberg"]

1. e4 e5 2. f4 exf4 3. Nf3 g5 4. h4 g4 5. Ne5 Nf6 6. Nxg4 Nxe4 7. Qe2 Qe7 8. d3
Ng3 9. Qxe7+ Kxe7 10. Rg1 d6 11. Nh2 Bh6 12. Nf3 f6 13. Nc3 c6 14. Bd2 Bg4 15.
Ne2 Nxe2 16. Bxe2 Bxf3 17. Bxf3 Nd7 18. O-O-O d5 19. Rdf1 Ne5 20. Bh5 Rhg8 21.
Re1 Kd6 22. d4 Nc4 23. Bb4+ c5 24. Bxc5+ Kc6 25. Re6+ Kb5 26. Rxf6 Rxg2 27. a4+
Ka5 28. Rxg2 f3+ 29. Rd2 f2 30. Rfxf2 Rg8 31. b4+ Kxa4 32. c3 Nxd2 33. Kc2 Nc4
34. Bf7 Rg1 35. Bxd5 Ne3+ 36. Kd3 Nxd5 37. Ra2+ Kb3 38. Rxa7 Rd1+ 39. Ke4 Nxc3+
40. Kf5 Rf1+ 41. Ke6 Re1+ 42. Kf7 Rh1 43. Be7 b5 44. Kg8 Be3 45. Rd7 Kc4 46.
Kxh7 Bxd4 47. Kg6 Nd5 48. Kg5 Nxe7 49. Rxe7 Kxb4 50. h5 0-1

[Event "4. Wittelsbacher Weihnachts-Schach-Open"]
[Site "Kelheim"]
[Date "2015.12.29"]
[Round "5.38"]
[White "Brunner, Tobias"]
[Black "Specht, Helmut"]
[Result "1-0"]
[WhiteElo "1639"]
[BlackElo "1988"]
[PlyCount "47"]
[EventDate "2015.??.??"]
[WhiteTeam "TSV Nittenau"]
[BlackTeam "TSV Mindelheim"]

1. e4 c6 2. d4 d5 3. exd5 cxd5 4. Bd3 Nc6 5. c3 Nf6 6. Bf4 Bg4 7. Nf3 e6 8.
Nbd2 Bd6 9. Bxd6 Qxd6 10. O-O O-O 11. h3 Bh5 12. Re1 a6 13. a4 Rab8 14. Qe2 Bg6
15. Ne5 Bxd3 16. Qxd3 Nd7 17. Ndf3 Ncxe5 18. Nxe5 Nf6 19. Re3 b5 20. Rf3 Rb7
21. Rxf6 gxf6 22. Qg3+ Kh8 23. Nxf7+ Rfxf7 24. Qxd6 1-0

[Event "4. Wittelsbacher Weihnachts-Schach-Open"]
[Site "Kelheim"]
[Date "2015.12.29"]
[Round "5.39"]
[White "Loebel, Petra"]
[Black "Dietl, Harald"]
[Result "0-1"]
[WhiteElo "1852"]
[BlackElo "1802"]
[PlyCount "62"]
[EventDate "2015.??.??"]
[WhiteTeam "SC Noris-Tarrasch Nürnberg"]
[BlackTeam "SK Abensberg"]

1. e4 c5 2. Nc3 g6 3. g3 Bg7 4. Bg2 Nc6 5. d3 Nf6 6. Be3 d6 7. h3 Rb8 8. Nge2
b5 9. Qd2 b4 10. Nd1 e5 11. c3 O-O 12. O-O Be6 13. f4 Qc8 14. f5 gxf5 15. exf5
Bd5 16. Bh6 Bxg2 17. Kxg2 Ne8 18. Bxg7 Nxg7 19. f6 Ne6 20. Qh6 Kh8 21. Ne3 bxc3
22. Rf5 Rg8 23. Rh5 Nf8 24. Nf5 Rg6 25. Qg7+ Rxg7 26. fxg7+ Kg8 27. Rg5 Ng6 28.
g4 Rxb2 29. Kf3 f6 30. Rh5 Rxe2 31. Kxe2 Nf4+ 0-1

[Event "4. Wittelsbacher Weihnachts-Schach-Open"]
[Site "Kelheim"]
[Date "2015.12.29"]
[Round "5.40"]
[White "Grasser, Martin"]
[Black "Gets, Alexej"]
[Result "1/2-1/2"]
[WhiteElo "1902"]
[BlackElo "1785"]
[PlyCount "47"]
[EventDate "2015.??.??"]
[WhiteTeam "Regensburger Turnerschaft"]
[BlackTeam "SC Noris-Tarrasch Nürnberg"]

1. e4 b6 2. Nf3 Bb7 3. Nc3 e6 4. d4 Bb4 5. Bd3 Nf6 6. Qe2 d5 7. Bg5 h6 8. Bxf6
Bxc3+ 9. bxc3 Qxf6 10. e5 Qe7 11. a4 a5 12. O-O O-O 13. Rfb1 Nd7 14. Qe3 Rfc8
15. Nd2 c5 16. c4 cxd4 17. Qxd4 Qg5 18. f4 Qh4 19. g3 Qh3 20. Bf1 Qf5 21. h3
Qg6 22. g4 f5 23. exf6 Qxf6 24. Qxf6 1/2-1/2

[Event "4. Wittelsbacher Weihnachts-Schach-Open"]
[Site "Kelheim"]
[Date "2015.12.29"]
[Round "5.41"]
[White "Lutter, Maximilian"]
[Black "Schulz, Siegfried"]
[Result "1-0"]
[WhiteElo "1887"]
[BlackElo "1831"]
[PlyCount "81"]
[EventDate "2015.??.??"]
[WhiteTeam "SK Neumarkt"]
[BlackTeam "TSV Kirchenlaibach"]

1. d4 d5 2. c4 e6 3. Nc3 Nf6 4. Nf3 Be7 5. Bf4 c6 6. e3 Nbd7 7. c5 Nh5 8. Bd3
Nxf4 9. exf4 Bf6 10. Ne5 g6 11. O-O Bg7 12. b4 Nxe5 13. fxe5 O-O 14. f4 Bd7 15.
Qa4 a6 16. Qa5 Qb8 17. Na4 Ra7 18. Nb6 Be8 19. Qa3 f5 20. Qc3 Rf7 21. a4 Bf8
22. Qb2 Qd8 23. b5 Rc7 24. Nxd5 Rg7 25. Nf6+ Kh8 26. bxa6 bxa6 27. Bc4 Rge7 28.
Rfd1 Bf7 29. Qb6 Qc8 30. Rab1 Reb7 31. Bxa6 Rxb6 32. Bxc8 Rxb1 33. Rxb1 Rxa4
34. Rb7 Bg8 35. Bxe6 Rb4 36. Rxb4 Bxe6 37. Rb8 Kg7 38. Rb7+ Bf7 39. e6 Kxf6 40.
Rxf7+ Kxe6 41. Rxf8 1-0

[Event "4. Wittelsbacher Weihnachts-Schach-Open"]
[Site "Kelheim"]
[Date "2015.12.29"]
[Round "5.42"]
[White "Santl, Anton"]
[Black "Obermeier, Johannes"]
[Result "1/2-1/2"]
[WhiteElo "1969"]
[BlackElo "1807"]
[PlyCount "52"]
[EventDate "2015.??.??"]
[WhiteTeam "SU München"]
[BlackTeam "SK Kelheim"]

1. d4 Nf6 2. c4 e6 3. g3 d5 4. Bg2 Be7 5. Nf3 O-O 6. O-O c6 7. Nc3 Nbd7 8. Qd3
Re8 9. e4 dxe4 10. Nxe4 Nxe4 11. Qxe4 Nf6 12. Qc2 Bd6 13. Re1 Qc7 14. Bg5 Nd7
15. c5 Be7 16. Bf4 Qd8 17. Rad1 Nf6 18. Ne5 Nd5 19. Bd2 a5 20. a3 Bf6 21. f4
Bxe5 22. dxe5 b6 23. cxb6 Qxb6+ 24. Kh1 Ba6 25. Rc1 Rec8 26. Qc5 Qxc5 1/2-1/2

[Event "4. Wittelsbacher Weihnachts-Schach-Open"]
[Site "Kelheim"]
[Date "2015.12.29"]
[Round "5.43"]
[White "Ulmer, Heinz"]
[Black "Brack, Johannes"]
[Result "0-1"]
[WhiteElo "1914"]
[BlackElo "1940"]
[PlyCount "90"]
[EventDate "2015.??.??"]
[BlackTeam "Regensburger Turnerschaft"]

1. d4 Nf6 2. Nf3 g6 3. c4 Bg7 4. Nc3 O-O 5. e4 d6 6. g3 Bg4 7. Bg2 Nbd7 8. h3
Bxf3 9. Bxf3 e5 10. Be3 Qe7 11. O-O exd4 12. Bxd4 Qe6 13. Nd5 Nxd5 14. Bxg7
Kxg7 15. exd5 Qf6 16. Qb3 h5 17. Bg2 Nc5 18. Qc2 a5 19. Rae1 Rfe8 20. Re3 Rxe3
21. fxe3 Qe5 22. Qf2 f6 23. b3 Re8 24. Kh2 h4 25. Qf4 hxg3+ 26. Kxg3 Qxe3+ 27.
Qxe3 Rxe3+ 28. Kf2 Rc3 29. Kg1 Rc2 30. Rf2 Rxf2 31. Kxf2 Nd3+ 32. Ke3 Nc1 33.
Kd4 Nxa2 34. c5 Nc1 35. cxd6 cxd6 36. Kc4 f5 37. b4 a4 38. b5 a3 39. Kc3 a2 40.
Kb2 Ne2 41. Kxa2 Nc3+ 42. Kb3 Nxb5 43. Kb4 Nd4 44. Ka5 b5 45. Bf1 Kf6 0-1

[Event "4. Wittelsbacher Weihnachts-Schach-Open"]
[Site "Kelheim"]
[Date "2015.12.29"]
[Round "5.44"]
[White "Stutz, Robert"]
[Black "Broszeit, Peter"]
[Result "0-1"]
[WhiteElo "1829"]
[BlackElo "2012"]
[PlyCount "117"]
[EventDate "2015.??.??"]
[WhiteTeam "TSV Grossmehring"]
[BlackTeam "SV Erkenschwick"]

1. e4 e6 2. d4 d5 3. Nc3 Bb4 4. e5 c5 5. a3 Bxc3+ 6. bxc3 Ne7 7. h4 Qc7 8. Bb2
Nbc6 9. h5 f5 10. Nf3 Bd7 11. h6 gxh6 12. Rxh6 Ng6 13. Ng5 Nce7 14. Rxh7 Rxh7
15. Nxh7 O-O-O 16. Nf6 Nxe5 17. Nxd7 Nxd7 18. Qe2 cxd4 19. cxd4 Qb6 20. Qb5 Rh8
21. c4 a6 22. Qxb6 Nxb6 23. cxd5 Nbxd5 24. Kd2 Kd7 25. Re1 Rh2 26. Ke2 Nc6 27.
g3 Nf6 28. Kf3 Ne4 29. Re2 Ne7 30. Rc2 Nd5 31. g4 Ng5+ 32. Kg3 Rh1 33. Kg2 Rh4
34. Be2 Rh8 35. Bc1 Ne4 36. g5 Nxg5 37. Rb2 Ne4 38. Rxb7+ Kd6 39. Bxa6 Rc8 40.
Bh6 Rc2 41. Bb5 e5 42. Bf8+ Ke6 43. Bd7+ Kf6 44. dxe5+ Kxe5 45. Bg7+ Kf4 46.
Bd4 Kg4 47. Bb5 Nf4+ 48. Kh2 Kf3 49. Bf1 Nxf2 50. Rb3+ N2d3+ 51. Kh1 Ke4 52.
Bxd3+ Nxd3 53. Bg1 Ra2 54. Rc3 f4 55. Rc4+ Kf3 56. Rc6 Rd2 57. a4 Kg3 58. a5 f3
59. a6 0-1

[Event "4. Wittelsbacher Weihnachts-Schach-Open"]
[Site "Kelheim"]
[Date "2015.12.29"]
[Round "5.45"]
[White "Meyer, Nico"]
[Black "Strasser, Josef"]
[Result "1/2-1/2"]
[WhiteElo "1537"]
[BlackElo "1892"]
[PlyCount "37"]
[EventDate "2015.??.??"]
[WhiteTeam "SC Bechhofen"]
[BlackTeam "SU München"]

1. e4 d5 2. exd5 Nf6 3. d4 Nxd5 4. c4 Nb6 5. Nf3 Bg4 6. c5 N6d7 7. Bc4 e6 8.
Be3 Nc6 9. a3 Be7 10. Bb5 O-O 11. Nbd2 e5 12. Bxc6 bxc6 13. Qc2 Bxf3 14. Nxf3
Bf6 15. dxe5 Nxe5 16. Nxe5 Bxe5 17. O-O Qf6 18. Rab1 Rfd8 19. b4 1/2-1/2

[Event "4. Wittelsbacher Weihnachts-Schach-Open"]
[Site "Kelheim"]
[Date "2015.12.29"]
[Round "5.46"]
[White "Klarl, Wolfgang"]
[Black "Häusler, Florian"]
[Result "1/2-1/2"]
[WhiteElo "1942"]
[BlackElo "1806"]
[PlyCount "60"]
[EventDate "2015.??.??"]
[WhiteTeam "SK Kelheim"]
[BlackTeam "TSV Kareth-Lappersdorf"]

1. d4 Nf6 2. e3 d5 3. c4 g6 4. Nf3 Bg7 5. Nc3 O-O 6. Bd3 c6 7. O-O Bg4 8. h3
Be6 9. Qe2 h6 10. e4 dxc4 11. Bxc4 Bxc4 12. Qxc4 Nbd7 13. Be3 Rc8 14. Rfd1 Nb6
15. Qb3 e6 16. Rac1 Qe7 17. Rd3 Rfd8 18. a4 c5 19. Rdd1 cxd4 20. Rxd4 Rxd4 21.
Bxd4 Nxe4 22. Bxb6 Nxc3 23. bxc3 axb6 24. Qxb6 Rxc3 25. Rb1 Rc7 26. Nd4 Bxd4
27. Qxd4 Qd7 28. Qb4 Qc6 29. Rd1 Qc4 30. Qb2 Qc3 1/2-1/2

[Event "4. Wittelsbacher Weihnachts-Schach-Open"]
[Site "Kelheim"]
[Date "2015.12.29"]
[Round "5.47"]
[White "Hagen, Wolfgang"]
[Black "Weidenhöfer, Robert"]
[Result "1/2-1/2"]
[WhiteElo "1740"]
[BlackElo "1691"]
[PlyCount "41"]
[EventDate "2015.??.??"]
[WhiteTeam "TSV Mindelheim"]
[BlackTeam "SW Nürnberg Süd"]

1. Nf3 b6 2. g3 Bb7 3. Bg2 c5 4. c4 Nf6 5. Nc3 e6 6. O-O Be7 7. d3 O-O 8. a3 d5
9. cxd5 exd5 10. d4 cxd4 11. Nxd4 Bc5 12. e3 Ne4 13. Nce2 Nf6 14. b4 Be7 15.
Bb2 Nbd7 16. Nf3 a6 17. Qb3 b5 18. Rac1 Nb6 19. Rfd1 Rc8 20. Ned4 Rxc1 21. Bxc1
1/2-1/2

[Event "4. Wittelsbacher Weihnachts-Schach-Open"]
[Site "Kelheim"]
[Date "2015.12.29"]
[Round "5.48"]
[White "Brassat, Jürgen"]
[Black "Hartmann, Willibald"]
[Result "1-0"]
[WhiteElo "1889"]
[BlackElo "1546"]
[PlyCount "81"]
[EventDate "2015.??.??"]
[WhiteTeam "SV Altbach"]
[BlackTeam "TSV Mindelheim"]

1. d4 d5 2. c4 e6 3. Nc3 Bb4 4. e3 Nf6 5. Bd3 O-O 6. Nge2 c5 7. O-O cxd4 8.
exd4 dxc4 9. Bxc4 Nc6 10. Bg5 Be7 11. Re1 h6 12. Bh4 Bd7 13. a3 Rc8 14. Ba2 Ne8
15. Bg3 Bd6 16. Qd3 Bxg3 17. Nxg3 Ne7 18. Rad1 Ng6 19. Bb1 Nf6 20. Nge4 Bc6 21.
b4 a6 22. Qg3 Nxe4 23. Nxe4 Bxe4 24. Bxe4 Ne7 25. Bxb7 Rc4 26. Bxa6 Rxd4 27.
Rxd4 Qxd4 28. Qe3 Qb2 29. Qc1 Qa2 30. h3 Nd5 31. Re2 Qb3 32. Bc4 Qa4 33. Bxd5
exd5 34. Rd2 Ra8 35. Rxd5 Qxa3 36. Rd8+ Kh7 37. Qb1+ g6 38. Rxa8 Qxa8 39. b5
Qb7 40. b6 h5 41. Qb4 1-0

[Event "4. Wittelsbacher Weihnachts-Schach-Open"]
[Site "Kelheim"]
[Date "2015.12.29"]
[Round "5.49"]
[White "Guckes, Fabian"]
[Black "Adlhoch, Walter"]
[Result "1/2-1/2"]
[WhiteElo "1681"]
[BlackElo "1537"]
[PlyCount "60"]
[EventDate "2015.??.??"]
[WhiteTeam "SV Worms"]
[BlackTeam "SK Schwandorf"]

1. e4 e6 2. d4 d5 3. e5 c5 4. c3 Nc6 5. Nf3 cxd4 6. cxd4 Bb4+ 7. Bd2 Bxd2+ 8.
Qxd2 Qa5 9. Qxa5 Nxa5 10. Nc3 h6 11. Bd3 Ne7 12. O-O Bd7 13. g3 b5 14. h4 Rc8
15. a4 Nc4 16. Bxc4 bxc4 17. Rfb1 Rb8 18. Ra3 O-O 19. b4 cxb3 20. Raxb3 Nc6 21.
Rb7 Rfd8 22. Rxb8 Rxb8 23. Rxb8+ Nxb8 24. Nd2 Nc6 25. Nb3 Bc8 26. Kf1 f6 27. f4
Kf7 28. Kf2 Kg6 29. g4 f5 30. g5 Kh5 1/2-1/2

[Event "4. Wittelsbacher Weihnachts-Schach-Open"]
[Site "Kelheim"]
[Date "2015.12.29"]
[Round "5.50"]
[White "Lukas, Anne"]
[Black "Michel, Philipp"]
[Result "1-0"]
[WhiteElo "1810"]
[BlackElo "1712"]
[PlyCount "67"]
[EventDate "2015.??.??"]
[WhiteTeam "SK Gernsheim"]
[BlackTeam "SC Forchheim"]

1. d4 d6 2. c4 Nf6 3. Nc3 g6 4. e4 Bg7 5. Be2 O-O 6. Nf3 Nc6 7. d5 Nb4 8. a3
Na6 9. O-O Nc5 10. Qc2 e5 11. b4 Na6 12. h3 b6 13. Be3 Nb8 14. c5 bxc5 15. bxc5
Ba6 16. cxd6 cxd6 17. Rfc1 Bxe2 18. Qxe2 Nbd7 19. Nd2 Nb6 20. f3 Rb8 21. Nb5
Rb7 22. Rc6 Ne8 23. Nxa7 f5 24. Qa6 Rff7 25. Bxb6 Qb8 26. Rc8 Rxb6 27. Rxb8
Rxa6 28. Rxe8+ Rf8 29. Rxf8+ Kxf8 30. Nc6 f4 31. Nc4 Kg8 32. Nxd6 Bf8 33. Nc4
Bd6 34. Nxd6 1-0

[Event "4. Wittelsbacher Weihnachts-Schach-Open"]
[Site "Kelheim"]
[Date "2015.12.29"]
[Round "5.52"]
[White "Kutschera, Reinhardt"]
[Black "Brack, André"]
[Result "0-1"]
[WhiteElo "1535"]
[BlackElo "1832"]
[PlyCount "120"]
[EventDate "2015.??.??"]
[WhiteTeam "DJK-Regensburg Nord"]
[BlackTeam "Regensburger Turnerschaft"]

1. c4 c5 2. Nf3 Nf6 3. g3 b6 4. Bg2 Bb7 5. O-O d6 6. a3 Nbd7 7. b4 Qc7 8. d3 e6
9. Bf4 e5 10. Bg5 h6 11. Bxf6 Nxf6 12. Nc3 e4 13. Qa4+ Bc6 14. Nb5 Qd7 15. dxe4
a6 16. Nxd6+ Bxd6 17. b5 axb5 18. Qb3 Bxe4 19. Rfd1 Qc7 20. cxb5 O-O 21. Nh4 c4
22. Qe3 Bc5 23. Qc3 Bxg2 24. Kxg2 Qb7+ 25. f3 Ng4 26. Nf5 Nf6 27. Nxh6+ Kh7 28.
Nf5 Qc8 29. g4 Qe6 30. Qe1 Rh8 31. a4 g6 32. Qh4+ Kg8 33. Nh6+ Rxh6 34. Qe1
Nxg4 35. fxg4 Qxg4+ 36. Qg3 Qxe2+ 37. Kh1 Qe4+ 38. Qg2 Rh4 39. Qxe4 Rxe4 40.
Kg2 c3 41. Rd3 Rc4 42. Rc1 Bb4 43. Rc2 Rxa4 44. Kf3 Ra1 45. Rd8+ Kg7 46. Rb8
Bc5 47. Rb7 Rf1+ 48. Ke2 Rf2+ 49. Kd3 Rd4+ 50. Kxc3 Rc4+ 51. Kxc4 Rxc2+ 52. Kd3
Rxh2 53. Rd7 Rh4 54. Kc3 Rb4 55. Rb7 Rxb5 56. Kc4 Rb4+ 57. Kd5 g5 58. Ra7 g4
59. Ke5 g3 60. Ra2 Bf2 0-1

[Event "4. Wittelsbacher Weihnachts-Schach-Open"]
[Site "Kelheim"]
[Date "2015.12.29"]
[Round "5.53"]
[White "Gottschall, Ina"]
[Black "Schilay, Eva"]
[Result "1-0"]
[WhiteElo "1751"]
[BlackElo "1429"]
[PlyCount "99"]
[EventDate "2015.??.??"]
[WhiteTeam "USV TU Dresden"]
[BlackTeam "SK Neumarkt"]

1. d4 d5 2. Nf3 Nf6 3. c4 Bf5 4. Nc3 e6 5. Qb3 b6 6. cxd5 exd5 7. Bf4 c6 8. e3
Be7 9. Be2 O-O 10. O-O Ne4 11. Nxe4 dxe4 12. Ne5 Be6 13. Qc2 Bd5 14. f3 exf3
15. Bxf3 Bxf3 16. Rxf3 c5 17. Qe4 f6 18. Nc4 Nd7 19. d5 Re8 20. Qe6+ Kh8 21.
Rh3 Bf8 22. Qf5 g6 23. Qxg6 Re7 24. Nd6 Rg7 25. Qh5 Bxd6 26. Bxd6 Qg8 27. Qf3
Re8 28. Re1 Rg5 29. e4 Rxd5 30. exd5 Rxe1+ 31. Kf2 Re8 32. Qf5 Qf7 33. Re3 Rxe3
34. Kxe3 Qe8+ 35. Qe6 Qd8 36. Ke4 Kg7 37. Kf5 h5 38. Be7 Qe8 39. Bxf6+ Nxf6 40.
Qxf6+ Kg8 41. Qg6+ Kf8 42. Qxe8+ Kxe8 43. Ke6 h4 44. g4 hxg3 45. hxg3 c4 46.
Kd6 Kd8 47. g4 a5 48. Kc6 a4 49. a3 b5 50. Kxb5 1-0

[Event "4. Wittelsbacher Weihnachts-Schach-Open"]
[Site "Kelheim"]
[Date "2015.12.29"]
[Round "5.54"]
[White "Lohr, Maximilian"]
[Black "Hirn, Thomas"]
[Result "1/2-1/2"]
[WhiteElo "1383"]
[BlackElo "1771"]
[PlyCount "80"]
[EventDate "2015.??.??"]
[WhiteTeam "TSV Mainburg"]
[BlackTeam "TuS Fürstenfeldbruck"]

1. e4 c5 2. d4 cxd4 3. c3 d3 4. Bxd3 Nc6 5. Bf4 e6 6. Nf3 d6 7. Nbd2 Nf6 8. Bb5
a6 9. Ba4 Be7 10. e5 Nd5 11. Bg3 b5 12. Bb3 dxe5 13. Nxe5 Nxe5 14. Bxe5 Nf6 15.
Qf3 Bd7 16. O-O Qc8 17. Ne4 Nxe4 18. Qxe4 f6 19. Bg3 Kf7 20. Rfe1 Bc5 21. Rad1
Re8 22. Qxh7 Qc6 23. Rxd7+ Qxd7 24. Qh5+ Kg8 25. Qxc5 g5 26. Qe3 Kf7 27. Qe4
Rad8 28. Qh7+ Kf8 29. Qh8+ Kf7 30. Qh5+ Kg8 31. Rd1 Qh7 32. Bxe6+ Kh8 33. Qxh7+
Kxh7 34. Bf5+ Kg7 35. Rb1 Rd2 36. h3 Ree2 37. Bg4 Re8 38. f3 Kg6 39. Be1 Rde2
40. Kf1 f5 1/2-1/2

[Event "4. Wittelsbacher Weihnachts-Schach-Open"]
[Site "Kelheim"]
[Date "2015.12.29"]
[Round "5.55"]
[White "Tautz, Helmut"]
[Black "Mosler, Ernst"]
[Result "1/2-1/2"]
[WhiteElo "1522"]
[BlackElo "1641"]
[PlyCount "59"]
[EventDate "2015.??.??"]
[WhiteTeam "SK Kelheim"]
[BlackTeam "SV Wettstetten"]

1. e4 e5 2. Nf3 Nc6 3. Bc4 d6 4. O-O Be7 5. d4 exd4 6. Nxd4 Ne5 7. Be2 Nf6 8.
Nc3 Bd7 9. f4 Ng6 10. Nf3 Bg4 11. h3 Bxf3 12. Bxf3 c6 13. Qe1 Qc7 14. Be3 O-O
15. Qf2 b6 16. Rad1 Rad8 17. a3 Rfe8 18. Ne2 d5 19. e5 Ne4 20. Bxe4 dxe4 21.
Nc3 f5 22. g3 Rd7 23. Rxd7 Qxd7 24. Rd1 Qe6 25. Qe2 Rd8 26. Rxd8+ Bxd8 27. Qd2
Be7 28. Kg2 Kf7 29. Ne2 Nf8 30. Nd4 1/2-1/2

[Event "4. Wittelsbacher Weihnachts-Schach-Open"]
[Site "Kelheim"]
[Date "2015.12.29"]
[Round "5.56"]
[White "Voigt, Tobias"]
[Black "Moseler, Thomas"]
[Result "1/2-1/2"]
[WhiteElo "1594"]
[BlackElo "1628"]
[PlyCount "46"]
[EventDate "2015.??.??"]
[WhiteTeam "SK München Südost"]
[BlackTeam "SK Lister Turm"]

1. d4 Nf6 2. Bf4 c6 3. e3 d5 4. Bd3 Nbd7 5. Nf3 e6 6. O-O Be7 7. Nbd2 O-O 8. h3
c5 9. c3 b6 10. Ne5 Bb7 11. Ndf3 cxd4 12. cxd4 Rc8 13. Rc1 Ne4 14. Nd2 Nxe5 15.
Bxe5 Rxc1 16. Qxc1 Bd6 17. Bxd6 Nxd6 18. Qb1 h6 19. Rc1 Qe7 20. Rc3 Rc8 21. Qc2
Qe8 22. Rxc8 Qxc8 23. Qxc8+ Nxc8 1/2-1/2

[Event "4. Wittelsbacher Weihnachts-Schach-Open"]
[Site "Kelheim"]
[Date "2015.12.29"]
[Round "5.57"]
[White "Trefflich, Marcus"]
[Black "Lautner, Peter"]
[Result "0-1"]
[WhiteElo "1371"]
[BlackElo "1512"]
[PlyCount "142"]
[EventDate "2015.??.??"]
[WhiteTeam "SC Treuchtlingen"]
[BlackTeam "SC Kreut"]

1. c4 Nf6 2. g3 e6 3. Bg2 c6 4. Nf3 d5 5. cxd5 cxd5 6. O-O Be7 7. d3 O-O 8. Nc3
Nc6 9. Rb1 a6 10. a3 Re8 11. b4 d4 12. Ne4 Nxe4 13. dxe4 e5 14. h4 Be6 15. Bg5
f6 16. Bd2 Rc8 17. Ne1 Bg4 18. Nd3 Bd6 19. Kh2 Qd7 20. f3 Be6 21. f4 Qe7 22. f5
Bf7 23. Bf3 Bc4 24. Bh5 Red8 25. Nb2 Bf7 26. Bxf7+ Qxf7 27. Nd3 Na7 28. Qb3 Nb5
29. Qxf7+ Kxf7 30. Rb3 Rc2 31. Rd1 Rdc8 32. a4 Na7 33. Nc5 Bxc5 34. bxc5 Rc7
35. Kh3 R2xc5 36. e3 Nc6 37. exd4 Nxd4 38. Rd3 Rc4 39. Be3 Rd7 40. Bxd4 Rcxd4
41. Rxd4 exd4 42. Kg4 Ke7 43. Rd3 Rd6 44. Kf4 Kd7 45. e5 fxe5+ 46. Kxe5 b5 47.
axb5 axb5 48. g4 b4 49. g5 Ke7 50. f6+ gxf6+ 51. gxf6+ Rxf6 52. Rxd4 Re6+ 53.
Kf5 Rf6+ 54. Ke5 Rb6 55. Rd1 b3 56. Rb1 Kf7 57. Kf5 b2 58. Kg5 Kg7 59. h5 Rb5+
60. Kg4 Kh6 61. Kf4 Kxh5 62. Ke4 Kg5 63. Kd4 h5 64. Kc4 Rb8 65. Kc3 h4 66. Kc2
h3 67. Rg1+ Kh4 68. Kb1 h2 69. Rd1 Rb4 70. Re1 Kg3 71. Rd1 Rh4 0-1

[Event "4. Wittelsbacher Weihnachts-Schach-Open"]
[Site "Kelheim"]
[Date "2015.12.29"]
[Round "5.58"]
[White "Weindl, Robert"]
[Black "Antczak, Lena"]
[Result "1/2-1/2"]
[WhiteElo "1269"]
[BlackElo "1654"]
[PlyCount "46"]
[EventDate "2015.??.??"]
[WhiteTeam "SK Landshut"]
[BlackTeam "SK Kelheim"]

1. Nc3 e5 2. e4 Nc6 3. a3 d6 4. Bb5 Be7 5. Nd5 Bd7 6. c3 Nf6 7. Nxe7 Nxe7 8.
Bxd7+ Qxd7 9. f3 d5 10. d3 Rd8 11. Bg5 dxe4 12. dxe4 Qxd1+ 13. Rxd1 Rxd1+ 14.
Kxd1 Nd7 15. Bxe7 Kxe7 16. Ne2 Rd8 17. Kc2 Nc5 18. Rd1 Rxd1 19. Kxd1 g6 20. Kc2
f5 21. b4 Nd7 22. exf5 gxf5 23. Kd3 c6 1/2-1/2